000 00542nam a22001937a 4500
003 OSt
005 20150730081028.0
008 130226t xxu||||| |||| 00| 0 eng d
020 _a9812470662
050 _aHD 58.7
_b.R538b 2005
100 _aRobbins, Stephen P.
245 _aORGANIZATIONAL BEHAVIOR
_cRobbins, Stephen P.
260 _aSingapore :
_bPearson Eduication South Asia ,
_c2005.
300 _a675pages :
_c25 cm.
_billustrations ;
562 _e1
650 _aOrganizational Behavior.
942 _2lcc
_cBK
999 _c39114
_d39114